000 00918cam a2200265 a 4500
999 _c1175
_d1175
001 1842525
005 20170719114059.0
008 810721s1981 nyu b 001 0 eng
010 _a 81009349
020 _a0684173336 :
_c$19.95
020 _a0684173344 (pbk.) :
_c$12.00
040 _aDLC
_cDLC
_dDLC
050 0 0 _aB804
_b.M25 1981
082 0 0 _a200/.9/04
_219
100 1 _aMacquarrie, John.
_933405
245 1 0 _aTwentieth-century religious thought :
_bthe frontiers of philosophy and theology, 1900-1980 /
_cJohn Macquarrie.
250 _aRev. ed.
260 _aNew York :
_bScribner,
_cc1981.
300 _a429 p. ;
_c23 cm.
504 _aIncludes bibliographical references and index.
650 0 _aPhilosophy, Modern
_y20th century.
_933406
650 0 _aReligious thought
_y20th century.
_933404
906 _a7
_bcbc
_corignew
_d1
_eocip
_f19
_gy-gencatlg
942 _2lcc
_cMONOGRAPH